Inseln Dänemarks - mit Karte - Statistiken

Allgemein
  • Dieses Quiz wurde 177 mal gespielt
  • Das Durchschnittsergebnis liegt bei 11 aus 20
Antworten auf der Karte
Die Antworten werden auf der Karte rot bzw. grün angezeigt, abhängig davon wie oft sie richtig erraten wurden.
 
Antwortstatistiken
Antwort % Korrekt
1 Seeland
89%
1 Seeland
89%
8 Bornholm
82%
5 Bornholm
82%
2 Fünen
78%
3 Fünen
78%
5 Lolland
76%
4 Lolland
76%
7 Falster
55%
6 Falster
55%
10 Langeland
55%
9 Langeland
55%
10 Møn
55%
6 Alsen
38%
8 Alsen
38%
4 Amager
29%
9 Mors
21%
7 Mors
21%
3 {Nordjütische} Insel
20%
2 {Nordjütische} Insel
20%
Keine übereinstimmenden Quizze gefunden
Verteilung der Resultate
Anzahl Personen mit jedem Resultat
Perzentil nach korrekt beantworteten Fragen
Ihre Resultats-Entwicklung
Sie haben dieses Quiz noch nicht gespielt